000 00676cab a2200205 4500
001 WB3028-24
008 090401t1994 xxu||||| |||| 00| 0 eng d
035 _a(Sirsi) u10470
041 _aeng
245 _aEmpty houses report published
260 _c1994
350 _a0
490 _aDoE News Release
_v(437) 20 July 1994, (2)
520 _aThe Task Force on Government Departments` Empty Houses set up in December 1992 has published its final report together with the Government`s response to its recommendations.
650 _aEMPTY HOUSES
650 _aTASK FORCE ON GOVERNMENT DEPARTMENTS EMPTY HOUSES
690 _aHOUSING
942 _n0
948 _c04/03/1997
999 _c6609
_d6609